Những điều cần biết về ung thư buồng trứng
Trong cuốn sách này chúng tôi trình bày một số khía cạnh về bệnh học, điều trị, tiên lượng... của ung thư buồng trứng giúp độc giả hiểu biết rõ hơn về bệnh ung thư buồng trứng và đặc biệt giúp các bệnh nhân mắc bệnh này, gia đình và...
保存先:
| 第一著者: | |
|---|---|
| その他の著者: | |
| フォーマット: | 図書 |
| 言語: | Vietnamese |
| 出版事項: |
H.
Y học
2008
|
| シリーズ: | Trung tâm nghiên cứu và phát hiện sớm ung thư
|
| 主題: | |
| タグ: |
タグ追加
タグなし, このレコードへの初めてのタグを付けませんか!
|
| Thư viện lưu trữ: | Thư viện Trường Đại học Nam Cần Thơ |
|---|
| LEADER | 02141nam a22002657a 4500 | ||
|---|---|---|---|
| 001 | NCT_32846 | ||
| 008 | 180424b xxu||||| |||| 00| 0 vie d | ||
| 999 | |c 1580 |d 1580 | ||
| 020 | |c 14000 | ||
| 082 | 0 | 4 | |2 23rd ed. |a 616.99465 |b R408 |
| 100 | 1 | |a Lê Đình Roanh | |
| 245 | 1 | 0 | |a Những điều cần biết về ung thư buồng trứng |c Lê Đình Roanh, Nguyễn Văn Chủ |
| 260 | |a H. |b Y học |c 2008 | ||
| 300 | |a 45 tr. |b Hình vẽ |c 19cm | ||
| 490 | |a Trung tâm nghiên cứu và phát hiện sớm ung thư | ||
| 520 | 3 | |a Trong cuốn sách này chúng tôi trình bày một số khía cạnh về bệnh học, điều trị, tiên lượng... của ung thư buồng trứng giúp độc giả hiểu biết rõ hơn về bệnh ung thư buồng trứng và đặc biệt giúp các bệnh nhân mắc bệnh này, gia đình và bạn bè của họ hiểu biết tốt hơn về loại bệnh này. Đồng thời cuốn sách này cũng là tài liệu tham khảo hữu ích cho các nhân viên y tế quan tâm đến bệnh ung thư buồng trứng. | |
| 653 | |a Y đa khoa | ||
| 700 | 1 | |a Nguyễn Văn Chủ | |
| 942 | |2 ddc |c BK | ||
| 952 | |0 0 |1 0 |2 ddc |4 0 |6 616_994650000000000_R408 |7 0 |9 7619 |a 000001 |b 000001 |d 2018-04-24 |l 1 |o 616.99465 R408 |p MD.11088 |r 2019-06-20 |s 2019-06-05 |v 14000.00 |w 2018-04-24 |y BK | ||
| 952 | |0 0 |1 0 |2 ddc |4 0 |6 616_994650000000000_R408 |7 0 |9 7620 |a 000001 |b 000001 |d 2018-04-24 |o 616.99465 R408 |p MD.11089 |r 2018-04-24 |v 14000.00 |w 2018-04-24 |y BK | ||
| 952 | |0 0 |1 0 |2 ddc |4 0 |6 616_994650000000000_R408 |7 0 |9 7621 |a 000001 |b 000001 |d 2018-04-24 |o 616.99465 R408 |p MD.10803 |r 2018-04-24 |v 14000.00 |w 2018-04-24 |y BK | ||
| 952 | |0 0 |1 0 |2 ddc |4 0 |6 616_994650000000000_R408 |7 0 |9 7622 |a 000001 |b 000001 |d 2018-04-24 |o 616.99465 R408 |p MD.11576 |r 2018-04-24 |v 14000.00 |w 2018-04-24 |y BK | ||
| 952 | |0 0 |1 0 |2 ddc |4 0 |6 616_994650000000000_R408 |7 0 |9 7623 |a 000001 |b 000001 |d 2018-04-24 |o 616.99465 R408 |p MD.11577 |r 2018-04-24 |v 14000.00 |w 2018-04-24 |y BK | ||
| 980 | |a Thư viện Trường Đại học Nam Cần Thơ | ||